| 000 | 00695nam a22002057a 4500 | ||
|---|---|---|---|
| 003 | UPN | ||
| 005 | 20250812063920.0 | ||
| 008 | 250811s2000 -usbdo|ert||| 00| 0 spa d | ||
| 040 |
_aMX-MxUPN _bspa _cMX-MxUPN |
||
| 041 | _aspa | ||
| 050 |
_aHC203 O25 _b2000 |
||
| 110 | 2 |
_aFondo Monetario Internacional _99178 |
|
| 245 |
_a2000 [dosmil] : _bun mundo mejor para todos. Consecución de los objetivos de desarrollo internacional |
||
| 260 |
_aWashington, DC : _bFondo Monetario Internacional, _c2000 |
||
| 300 | _a25 páginas | ||
| 650 | 0 |
_aObjetivos de Desarrollo Internacional _957293 |
|
| 650 | 2 |
_aProblemas sociales _96247 |
|
| 902 | _aMaiella Martínez / 11082025 | ||
| 942 |
_2lcc _cFOLL _n0 |
||
| 999 |
_c213703 _d213703 |
||